000 00637nam a2200181Ia 4500
003 GCL
008 140319s9999 xx 000 0 ara d
040 _aGCL /
_cGCL
082 0 4 _aق
_b584.8462
_bر ق
100 1 _aروبرتس، س. هـ.
245 1 0 _aقصة البردى اليونانى فى مصر ( فى العصر اليونانى والرومانى ) /
_cروبرتس، س. هـ.
260 _aالقاهرة :
_bالمجلس الاعلى للثقافة ،
_c2005
300 _a107 ص ؛
_c24 سم
650 0 4 _aالبردى
650 0 4 _aالمخطوطات
650 0 4 _aالبردى - اليونان
942 _2ddc
_cBK
999 _c33686
_d33686